All 1k+ Cities in Slovakia on a Map - Statistics

General Stats
  • This quiz has been taken 59 times
  • The average score is 73 of 1035
Answers on the Map
Answers color-coded by a green-red scale on the quiz's map according to % correct below.
 
Answer Stats
District Population Answer % Correct
Bratislavský 478.040 Bratislava
83%
Trenčiansky 1.024 Koš
83%
Košický 225.044 Košice
80%
Nitriansky 76.499 Nitra
80%
Trnavský 62.955 Trnava
73%
Žilinský 80.634 Žilina
73%
Banskobystrický 74.065 Banská Bystrica
70%
Trenčiansky 54.065 Trenčín
70%
Nitriansky 32.114 Komárno
63%
Žilinský 50.629 Martin
63%
Bratislavský 18.804 Malacky
57%
Prešovský 48.741 Poprad
57%
Prešovský 82.286 Prešov
57%
Žilinský 22.580 Čadca
53%
Žilinský 26.548 Ružomberok
53%
Banskobystrický 9.339 Banská Štiavnica
50%
Prešovský 29.964 Bardejov
50%
Trnavský 22.892 Dunajská Streda
50%
Prešovský 13.944 Levoča
47%
Žilinský 30.040 Liptovský Mikuláš
47%
Banskobystrický 25.018 Lučenec
47%
Košický 35.584 Michalovce
47%
Žilinský 7.465 Námestovo
47%
Nitriansky 36.410 Nové Zámky
47%
Trenčiansky 37.261 Považská Bystrica
47%
Trenčiansky 42.980 Prievidza
47%
Košický 34.544 Spišská Nová Ves
47%
Banskobystrický 39.453 Zvolen
47%
Žilinský 11.535 Bytča
43%
Prešovský 30.006 Humenné
43%
Nitriansky 30.823 Levice
43%
Trenčiansky 10.547 Myjava
43%
Trnavský 26.668 Piešťany
43%
Prešovský 12.169 Sabinov
43%
Bratislavský 20.192 Senec
43%
Trnavský 19.280 Senica
43%
Prešovský 18.101 Snina
43%
Nitriansky 24.086 Topoľčany
43%
Košický 22.812 Trebišov
43%
Žilinský 17.600 Dolný Kubín
40%
Prešovský 5.747 Medzilaborce
40%
Bratislavský 24.506 Pezinok
40%
Prešovský 9.770 Svidník
40%
Banskobystrický 9.683 Fiľakovo
37%
Trnavský 15.339 Galanta
37%
Trenčiansky 19.296 Nové Mesto nad Váhom
37%
Trenčiansky 16.922 Púchov
37%
Banskobystrický 21.341 Rimavská Sobota
37%
Trnavský 15.166 Sereď
37%
Košický 5.827 Sobrance
37%
Nitriansky 3.582 Bánov
33%
Banskobystrický 19.790 Brezno
33%
Trenčiansky 21.805 Dubnica nad Váhom
33%
Banskobystrický 4.755 Kremnica
33%
Žilinský 14.380 Kysucké Nové Mesto
33%
Žilinský 5.777 Rajec
33%
Žilinský 2.847 Rajecké Teplice
33%
Košický 16.932 Rožňava
33%
Prešovský 3.782 Vysoké Tatry
33%
Banskobystrický 16.879 Žiar nad Hronom
33%
Trenčiansky 5.558 Ilava
30%
Nitriansky 20.239 Šaľa
30%
Trnavský 15.461 Skalica
30%
Prešovský 15.628 Stará Ľubovňa
30%
Bratislavský 5.983 Svätý Jur
30%
Žilinský 3.955 Terchová
30%
Žilinský 6.178 Turčianske Teplice
30%
Žilinský 6.936 Turzovka
30%
Nitriansky 1.243 Báb
27%
Trenčiansky 5.013 Bojnice
27%
Košický 5.807 Gelnica
27%
Prešovský 15.238 Kežmarok
27%
Nitriansky 10.428 Kolárovo
27%
Prešovský 6.451 Lipany
27%
Žilinský 1.678 Makov
27%
Trenčiansky 20.607 Partizánske
27%
Banskobystrický 5.170 Poltár
27%
Banskobystrický 10.958 Revúca
27%
Prešovský 9.788 Stropkov
27%
Trenčiansky 3.908 Trenčianske Teplice
27%
Trnavský 1.372 Trstín
27%
Žilinský 3.581 Veľké Rovné
27%
Žilinský 7.399 Vrútky
27%
Nitriansky 11.803 Zlaté Moravce
27%
Trenčiansky 16.359 Bánovce nad Bebravou
23%
Trenčiansky 1.466 Beckov
23%
Banskobystrický 13.629 Detva
23%
Banskobystrický 2.027 Divín
23%
Bratislavský 7.172 Ivanka pri Dunaji
23%
Žilinský 2.298 Kotešová
23%
Žilinský 1.087 Liptovský Ján
23%
Žilinský 1.064 Maršová-Rašov
23%
Trnavský 4.883 Šaštín - Stráže
23%
Prešovský 3.352 Štrba
23%
Žilinský 2.589 Strečno
23%
Nitriansky 9.361 Štúrovo
23%
Žilinský 1.702 Svederník
23%
Nitriansky 2.617 Topoľčianky
23%
Prešovský 20.488 Vranov nad Topľou
23%
Žilinský 3.292 Belá
20%
Košický 1.357 Biel
20%
Žilinský 1.013 Divinka
20%
Žilinský 1.921 Dlhé Pole
20%
Trnavský 5.268 Gabčíkovo
20%
Trnavský 10.928 Holíč
20%
Žilinský 1.793 Kolárovice
20%
Žilinský 6.544 Krásno nad Kysucou
20%
Žilinský 1.874 Lietavská Lúčka
20%
Bratislavský 9.201 Modra
20%
Banskobystrický 1.659 Modrý Kameň
20%
Žilinský 3.443 Oravská Lesná
20%
Žilinský 5.629 Raková
20%
Trnavský 13.635 Šamorín
20%
Banskobystrický 4.761 Sliač
20%
Žilinský 2.759 Staškov
20%
Žilinský 6.978 Trstená
20%
Žilinský 8.760 Tvrdošín
20%
Žilinský 3.886 Varín
20%
Trenčiansky 4.607 Brezová pod Bradlom
17%
Košický 5.154 Dobšiná
17%
Žilinský 1.673 Dolný Hričov
17%
Banskobystrický 1.376 Dudince
17%
Prešovský 2.147 Kapušany
17%
Žilinský 2.025 Korňa
17%
Žilinský 1.712 Lietava
17%
Žilinský 7.003 Liptovský Hrádok
17%
Bratislavský 3.174 Lozorno
17%
Trenčiansky 4.136 Nováky
17%
Prešovský 3.012 Nová Ľubovňa
17%
Žilinský 4.014 Oravská Polhora
17%
Žilinský 1.663 Petrovice
17%
Žilinský 1.359 Predmier
17%
Prešovský 2.584 Spišský Štvrtok
17%
Žilinský 3.933 Štiavnik
17%
Banskobystrický 1.525 Telgárt
17%
Žilinský 2.117 Turie
17%
Žilinský 3.010 Višňové
17%
Žilinský 2.487 Vysoká nad Kysucou
17%
Bratislavský 9.896 Bernolákovo
13%
Žilinský 4.416 Čierne
13%
Žilinský 2.460 Divina
13%
Bratislavský 8.014 Dunajská Lužná
13%
Trenčiansky 15.608 Handlová
13%
Žilinský 2.209 Klokočov
13%
Trnavský 1.446 Krakovany
13%
Košický 8.584 Krompachy
13%
Trnavský 4.012 Kúty
13%
Nitriansky 2.416 Lehota
13%
Žilinský 1.232 Liptovská Porúbka
13%
Prešovský 2.380 Liptovská Teplička
13%
Žilinský 1.597 Lúčky
13%
Bratislavský 4.133 Malinovo
13%
Košický 1.850 Margecany
13%
Trenčiansky 6.240 Nemšová
13%
Banskobystrický 6.858 Nová Baňa
13%
Trenčiansky 10.381 Nová Dubnica
13%
Trenčiansky 2.394 Papradno
13%
Nitriansky 1.055 Podhájska
13%
Žilinský 1.359 Podvysoká
13%
Bratislavský 6.099 Rovinka
13%
Prešovský 2.178 Spišská Stará Ves
13%
Bratislavský 12.803 Stupava
13%
Žilinský 4.801 Sučany
13%
Nitriansky 9.238 Šurany
13%
Košický 1.139 Teplička
13%
Žilinský 4.406 Teplička nad Váhom
13%
Bratislavský 1.264 Tureň
13%
Trnavský 8.254 Veľký Meder
13%
Banskobystrický 1.117 Vyhne
13%
Žilinský 1.636 Breza
10%
Košický 1.177 Buzica
10%
Trenčiansky 3.620 Čachtice
10%
Bratislavský 1.155 Dubová
10%
Žilinský 1.567 Gbeľany
10%
Prešovský 1.050 Gerlachov
10%
Prešovský 3.997 Giraltovce
10%
Banskobystrický 7.023 Hriňová
10%
Nitriansky 7.222 Hurbanovo
10%
Bratislavský 1.799 Jakubov
10%
Banskobystrický 3.160 Jelšava
10%
Bratislavský 1.530 Kalinkovo
10%
Košický 7.352 Kráľovský Chlmec
10%
Košický 1.428 Kysak
10%
Trenčiansky 2.482 Ladce
10%
Bratislavský 1.772 Malé Leváre
10%
Žilinský 1.450 Mojš
10%
Košický 10.254 Moldava nad Bodvou
10%
Žilinský 3.928 Nižná
10%
Žilinský 2.563 Nová Bystrica
10%
Žilinský 3.064 Oravské Veselé
10%
Žilinský 5.755 Oščadnica
10%
Prešovský 1.770 Plaveč
10%
Banskobystrický 3.503 Podbrezová
10%
Košický 1.080 Slovenské Nové Mesto
10%
Žilinský 2.814 Stará Bystrica
10%
Bratislavský 2.814 Tomášov
10%
Trenčiansky 4.190 Trenčianska Teplá
10%
Žilinský 4.107 Turany
10%
Košický 8.479 Veľké Kapušany
10%
Banskobystrický 10.457 Veľký Krtíš
10%
Nitriansky 8.323 Vráble
10%
Prešovský 1.532 Vrbov
10%
Banskobystrický 5.669 Žarnovica
10%
Žilinský 2.488 Zázrivá
10%
Prešovský 1.363 Ždiar
10%
Nitriansky 6.588 Želiezovce
10%
Nitriansky 1.762 Alekšince
7%
Trenčiansky 6.186 Beluša
7%
Košický 1.689 Bidovce
7%
Košický 1.173 Bohdanovce
7%
Košický 1.129 Borša
7%
Prešovský 1.684 Brezovica
7%
Žilinský 1.416 Brezovica
7%
Nitriansky 1.113 Búč
7%
Trnavský 2.386 Bučany
7%
Prešovský 2.780 Bystré
7%
Žilinský 1.486 Bystrička
7%
Nitriansky 4.318 Cabaj - Čápor
7%
Košický 6.051 Čaňa
7%
Trenčiansky 1.705 Častkovce
7%
Košický 1.138 Cejkov
7%
Bratislavský 7.690 Chorvátsky Grob
7%
Trenčiansky 2.671 Chynorany
7%
Košický 3.406 Čierna nad Tisou
7%
Trnavský 1.408 Čierna Voda
7%
Prešovský 1.410 Čirč
7%
Nitriansky 1.486 Dolný Ohaj
7%
Žilinský 1.192 Dúbrava
7%
Trnavský 4.864 Gbely
7%
Košický 1.904 Geča
7%
Banskobystrický 1.647 Halič
7%
Bratislavský 2.927 Hamuliakovo
7%
Trnavský 19.774 Hlohovec
7%
Banskobystrický 6.504 Hnúšťa
7%
Košický 1.045 Hrhov
7%
Bratislavský 1.110 Hrubý Šúr
7%
Žilinský 1.088 Hubová
7%
Nitriansky 1.210 Hul
7%
Trnavský 3.446 Hviezdoslavov
7%
Žilinský 1.301 Istebné
7%
Nitriansky 3.064 Ivanka pri Nitre
7%
Trenčiansky 1.070 Ivanovce
7%
Prešovský 1.738 Jánovce
7%
Trnavský 2.415 Jaslovské Bohunice
7%
Košický 3.675 Jasov
7%
Banskobystrický 2.233 Kalinovo
7%
Košický 1.140 Kechnec
7%
Žilinský 2.555 Klin
7%
Prešovský 1.074 Kľušov
7%
Trenčiansky 1.795 Kočovce
7%
Nitriansky 4.197 Komjatice
7%
Banskobystrický 1.648 Kováčová
7%
Banskobystrický 1.727 Kriváň
7%
Nitriansky 1.741 Krušovce
7%
Bratislavský 1.798 Kuchyňa
7%
Trnavský 2.001 Kvetoslavov
7%
Trnavský 3.243 Lehnice
7%
Prešovský 5.567 Lendak
7%
Žilinský 3.111 Liesek
7%
Žilinský 3.798 Liptovské Sliače
7%
Nitriansky 1.082 Lok
7%
Prešovský 3.583 Lomnička
7%
Prešovský 1.601 Malcov
7%
Košický 1.073 Malý Horeš
7%
Košický 1.073 Markovce
7%
Prešovský 1.065 Medzany
7%
Bratislavský 6.078 Miloslavov
7%
Nitriansky 4.316 Močenok
7%
Nitriansky 2.963 Mojmírovce
7%
Košický 1.513 Mokrance
7%
Bratislavský 4.425 Most pri Bratislave
7%
Banskobystrický 1.175 Muráň
7%
Nitriansky 4.974 Nesvady
7%
Košický 1.617 Nižná Myšľa
7%
Prešovský 1.649 Nová Lesná
7%
Žilinský 1.085 Oravská Poruba
7%
Žilinský 1.344 Oravský Podzámok
7%
Nitriansky 4.224 Palárikovo
7%
Košický 4.652 Pavlovce nad Uhom
7%
Trenčiansky 1.128 Pobedim
7%
Prešovský 2.774 Raslavice
7%
Trenčiansky 1.247 Ráztočno
7%
Bratislavský 1.730 Reca
7%
Žilinský 3.382 Rosina
7%
Košický 2.637 Rozhanovce
7%
Nitriansky 6.992 Šahy
7%
Košický 8.539 Sečovce
7%
Trenčiansky 1.004 Selec
7%
Košický 2.212 Seňa
7%
Bratislavský 5.352 Šenkvice
7%
Trnavský 5.411 Sládkovičovo
7%
Košický 1.481 Slanec
7%
Bratislavský 5.934 Slovenský Grob
7%
Košický 1.808 Slovinky
7%
Košický 1.315 Sokoľ
7%
Prešovský 2.641 Soľ
7%
Prešovský 3.754 Spišské Podhradie
7%
Košický 3.300 Spišské Vlachy
7%
Trenčiansky 8.379 Stará Turá
7%
Žilinský 1.901 Stráňavy
7%
Banskobystrický 1.284 Svätý Anton
7%
Banskobystrický 6.741 Tornaľa
7%
Košický 3.675 Turňa nad Bodvou
7%
Košický 4.520 Valaliky
7%
Banskobystrický 3.340 Valaská
7%
Žilinský 1.577 Veličná
7%
Bratislavský 3.751 Veľké Leváre
7%
Košický 1.004 Veľký Horeš
7%
Nitriansky 2.963 Veľký Kýr
7%
Prešovský 6.909 Veľký Šariš
7%
Trnavský 1.239 Veselé
7%
Bratislavský 1.382 Vištuk
7%
Trnavský 2.932 Vrakúň
7%
Trenčiansky 1.420 Vrbovce
7%
Žilinský 2.226 Východná
7%
Prešovský 1.420 Vyšné Ružbachy
7%
Bratislavský 2.280 Zálesie
7%
Trenčiansky 1.178 Zamarovce
7%
Žilinský 1.641 Žaškov
7%
Žilinský 1.945 Zuberec
7%
Trnavský 1.125 Abrahám
3%
Žilinský 1.444 Babín
3%
Nitriansky 1.262 Bajč
3%
Trnavský 2.159 Banka
3%
Banskobystrický 1.159 Banská Belá
3%
Prešovský 1.974 Banské
3%
Prešovský 2.568 Batizovce
3%
Nitriansky 3.294 Bátorove Kosihy
3%
Prešovský 3.303 Belá nad Cirochou
3%
Nitriansky 1.569 Bešeňov
3%
Bratislavský 1.834 Blatné
3%
Žilinský 1.081 Blatnica
3%
Žilinský 2.042 Bobrov
3%
Nitriansky 1.967 Bojná
3%
Trnavský 2.395 Boleráz
3%
Trenčiansky 1.574 Bolešov
3%
Košický 1.051 Boliarov
3%
Trnavský 1.197 Borovce
3%
Trenčiansky 1.334 Bošáca
3%
Trenčiansky 3.985 Bošany
3%
Nitriansky 2.172 Branč
3%
Trnavský 2.518 Brestovany
3%
Trnavský 2.257 Brodské
3%
Banskobystrický 2.126 Brusno
3%
Trenčiansky 1.172 Brvnište
3%
Košický 1.357 Brzotín
3%
Košický 1.369 Budimír
3%
Košický 1.490 Budkovce
3%
Bratislavský 2.483 Budmerice
3%
Košický 3.997 Bystrany
3%
Trenčiansky 2.014 Bzince pod Javorinou
3%
Banskobystrický 1.119 Bzovík
3%
Nitriansky 1.156 Čakajovce
3%
Banskobystrický 1.125 Čakanovce
3%
Prešovský 2.737 Čaklov
3%
Trnavský 1.277 Čáry
3%
Bratislavský 2.396 Častá
3%
Nitriansky 1.035 Čata
3%
Bratislavský 1.210 Čataj
3%
Banskobystrický 1.013 Čebovce
3%
Nitriansky 1.265 Čechynce
3%
Nitriansky 1.037 Černík
3%
Prešovský 3.093 Chminianske Jakubovany
3%
Trenčiansky 1.672 Chocholná - Velčice
3%
Prešovský 1.347 Čičava
3%
Banskobystrický 4.947 Čierny Balog
3%
Trnavský 4.832 Cífer
3%
Banskobystrický 1.995 Cinobaňa
3%
Prešovský 1.082 Demjata
3%
Trenčiansky 1.761 Diviacka Nová Ves
3%
Trenčiansky 1.771 Diviaky nad Nitricou
3%
Prešovský 1.851 Dlhé nad Cirochou
3%
Banskobystrický 1.852 Dobrá Niva
3%
Trenčiansky 1.901 Dohňany
3%
Bratislavský 1.077 Doľany
3%
Trenčiansky 1.081 Dolná Breznica
3%
Trenčiansky 1.424 Dolná Mariková
3%
Trenčiansky 3.056 Dolná Súča
3%
Žilinský 1.508 Dolná Tižina
3%
Trenčiansky 1.176 Dolné Kočkovce
3%
Trnavský 1.429 Dolné Orešany
3%
Trenčiansky 2.388 Dolné Vestenice
3%
Košický 1.676 Drahňov
3%
Prešovský 2.256 Drienov
3%
Trenčiansky 2.191 Drietoma
3%
Nitriansky 1.538 Dubník
3%
Prešovský 1.445 Dubovica
3%
Prešovský 1.833 Dulova Ves
3%
Žilinský 1.104 Dunajov
3%
Košický 2.041 Ďurkov
3%
Trnavský 1.986 Dvorníky
3%
Nitriansky 4.947 Dvory nad Žitavou
3%
Prešovský 2.445 Fintice
3%
Prešovský 1.133 Fričovce
3%
Bratislavský 3.201 Gajary
3%
Košický 1.272 Gemerská Hôrka
3%
Košický 1.894 Gemerská Poloma
3%
Nitriansky 2.007 Golianovo
3%
Žilinský 1.345 Habovka
3%
Banskobystrický 1.165 Hajnáčka
3%
Košický 1.557 Haniska
3%
Prešovský 3.730 Hanušovce nad Topľou
3%
Prešovský 1.315 Hencovce
3%
Prešovský 1.005 Hertník
3%
Žilinský 1.072 Hladovka
3%
Prešovský 1.409 Hniezdne
3%
Banskobystrický 1.509 Hodejov
3%
Banskobystrický 1.996 Hodruša - Hámre
3%
Prešovský 2.158 Hôrka
3%
Nitriansky 1.876 Horná Kráľová
3%
Trenčiansky 1.415 Horná Streda
3%
Trenčiansky 3.276 Horná Súča
3%
Trenčiansky 1.083 Horná Ves
3%
Trnavský 1.948 Horné Orešany
3%
Trnavský 3.200 Horné Saliby
3%
Trenčiansky 2.700 Horné Srnie
3%
Žilinský 1.722 Horný Vadičov
3%
Banskobystrický 1.044 Hostice
3%
Nitriansky 1.192 Hostie
3%
Košický 2.585 Hrabušice
3%
Košický 1.551 Hraň
3%
Nitriansky 1.446 Hronovce
3%
Bratislavský 1.672 Hrubá Borša
3%
Žilinský 3.190 Hruštín
3%
Žilinský 1.226 Hvozdnica
3%
Žilinský 1.464 Hybe
3%
Prešovský 1.556 Ihľany
3%
Bratislavský 1.035 Jablonec
3%
Trnavský 2.223 Jablonica
3%
Bratislavský 1.419 Jablonové
3%
Nitriansky 1.782 Jacovce
3%
Košický 1.192 Jamník
3%
Nitriansky 2.138 Jarok
3%
Prešovský 7.992 Jarovnice
3%
Trenčiansky 1.238 Jasenica
3%
Trnavský 4.010 Jelka
3%
Prešovský 1.464 Jurské
3%
Trnavský 1.561 Kajal
3%
Trenčiansky 1.006 Kálnica
3%
Prešovský 1.800 Kamenica
3%
Prešovský 2.287 Kamenica nad Cirochou
3%
Prešovský 1.327 Kamienka
3%
Košický 3.973 Kecerovce
3%
Prešovský 2.047 Kendice
3%
Trenčiansky 1.061 Kľačno
3%
Trenčiansky 1.589 Klátova Nová Ves
3%
Banskobystrický 2.970 Klenovec
3%
Košický 1.525 Kluknava
3%
Banskobystrický 2.737 Kokava nad Rimavicou
3%
Prešovský 1.271 Kolačkov
3%
Trenčiansky 2.830 Košeca
3%
Košický 1.063 Košická Polianka
3%
Košický 1.363 Košické Oľšany
3%
Nitriansky 1.527 Kovarce
3%
Trenčiansky 1.422 Krajné
3%
Bratislavský 2.321 Kráľová pri Senci
3%
Košický 2.822 Krásnohorské Podhradie
3%
Prešovský 1.265 Krivany
3%
Trnavský 1.767 Križovany nad Dudváhom
3%
Nitriansky 1.373 Krnča
3%
Banskobystrický 7.510 Krupina
3%
Žilinský 1.009 Krušetnica
3%
Košický 1.732 Kuzmice
3%
Žilinský 2.352 Kysucký Lieskovec
3%
Bratislavský 2.172 Láb
3%
Košický 1.246 Lastomír
3%
Košický 1.274 Lastovce
3%
Trenčiansky 1.217 Lazy pod Makytou
3%
Trenčiansky 3.869 Lednické Rovne
3%
Trenčiansky 3.740 Lehota pod Vtáčnikom
3%
Prešovský 1.217 Lenartov
3%
Trnavský 3.907 Leopoldov
3%
Trenčiansky 1.167 Liešťany
3%
Nitriansky 1.527 Lipová
3%
Žilinský 1.414 Liptovská Štiavnica
3%
Žilinský 1.025 Liptovská Teplá
3%
Žilinský 1.463 Liptovské Revúce
3%
Žilinský 1.280 Liptovský Peter
3%
Žilinský 2.480 Lokca
3%
Banskobystrický 1.571 Lovčica - Trubín
3%
Banskobystrický 1.265 Lubeník
3%
Trenčiansky 1.478 Lubina
3%
Žilinský 1.052 Ľubochňa
3%
Prešovský 1.315 Ľubotín
3%
Nitriansky 1.723 Ludanice
3%
Trenčiansky 2.001 Lysá pod Makytou
3%
Trnavský 2.341 Madunice
3%
Trnavský 2.179 Majcichov
3%
Košický 1.972 Malá Ida
3%
Košický 1.464 Malčice
3%
Košický 1.099 Malé Trakany
3%
Banskobystrický 1.381 Málinec
3%
Nitriansky 1.492 Malý Lapáš
3%
Prešovský 1.883 Malý Šariš
3%
Trnavský 1.534 Malženice
3%
Nitriansky 1.958 Maňa
3%
Nitriansky 3.802 Marcelová
3%
Bratislavský 2.332 Marianka
3%
Košický 4.796 Markušovce
3%
Trnavský 2.254 Matúškovo
3%
Košický 4.124 Medzev
3%
Trenčiansky 1.719 Melčice - Lieskové
3%
Košický 1.743 Michaľany
3%
Trnavský 1.104 Michal na Ostrove
3%
Trenčiansky 1.225 Mníchova Lehota
3%
Košický 1.832 Mníšek nad Hnilcom
3%
Nitriansky 1.322 Mojzesovo
3%
Trenčiansky 2.518 Moravské Lieskové
3%
Žilinský 3.207 Mútne
3%
Nitriansky 1.861 Mužla
3%
Košický 1.834 Nacina Ves
3%
Košický 3.816 Nálepkovo
3%
Žilinský 1.019 Necpaly
3%
Nitriansky 3.193 Neded
3%
Žilinský 1.075 Nededza
3%
Banskobystrický 1.282 Nenince
3%
Žilinský 3.210 Nesluša
3%
Trenčiansky 3.111 Nitrianske Pravno
3%
Trenčiansky 1.200 Nitrianske Sučany
3%
Košický 1.248 Nižná Slaná
3%
Košický 1.477 Nižný Žipov
3%
Trenčiansky 1.015 Nová Bošáca
3%
Bratislavský 3.533 Nová Dedinka
3%
Žilinský 3.790 Novoť
3%
Nitriansky 1.135 Obid
3%
Nitriansky 1.456 Obyce
3%
Nitriansky 1.451 Okoličná na Ostrove
3%
Trnavský 1.335 Opoj
3%
Žilinský 1.973 Oravská Jasenica
3%
Trnavský 1.664 Orechová Potôň
3%
Prešovský 1.020 Osikov
3%
Trnavský 1.221 Ostrov
3%
Banskobystrický 1.590 Ožďany
3%
Trnavský 3.273 Pata
3%
Prešovský 2.875 Pečovská Nová Ves
3%
Košický 1.582 Perín - Chym
3%
Prešovský 2.014 Petrovany
3%
Trnavský 1.075 Petrova Ves
3%
Nitriansky 1.468 Plášťovce
3%
Bratislavský 2.619 Plavecký Štvrtok
3%
Prešovský 1.643 Plavnica
3%
Košický 2.178 Plešivec
3%
Trenčiansky 1.694 Plevník - Drienové
3%
Banskobystrický 2.265 Pliešovce
3%
Žilinský 1.329 Podbiel
3%
Nitriansky 2.937 Podhorany
3%
Prešovský 1.168 Podhorany
3%
Trenčiansky 1.892 Podolie
3%
Prešovský 3.055 Podolínec
3%
Košický 2.651 Poproč
3%
Trenčiansky 1.363 Poruba
3%
Trenčiansky 1.238 Považany
3%
Nitriansky 1.986 Prašice
3%
Nitriansky 2.665 Pribeta
3%
Žilinský 1.325 Pribylina
3%
Trenčiansky 2.299 Pruské
3%
Žilinský 5.336 Rabča
3%
Žilinský 2.100 Rabčice
3%
Žilinský 1.212 Rajecká Lesná
3%
Košický 1.043 Rankovce
3%
Košický 3.434 Richnava
3%
Prešovský 1.011 Richvald
3%
Banskobystrický 2.221 Rimavská Seč
3%
Banskobystrický 1.456 Rimavské Janovce
3%
Trnavský 1.082 Rohovce
3%
Bratislavský 3.551 Rohožník
3%
Žilinský 1.803 Rudina
3%
Košický 4.999 Rudňany
3%
Košický 1.742 Ruskov
3%
Nitriansky 1.394 Rybník
3%
Prešovský 2.569 Sačurov
3%
Košický 1.939 Sady nad Torysou
3%
Prešovský 1.569 Šarišské Jastrabie
3%
Banskobystrický 1.159 Sebechleby
3%
Prešovský 1.530 Sedliská
3%
Žilinský 2.186 Sihelné
3%
Banskobystrický 1.369 Sirk
3%
Prešovský 2.443 Široké
3%
Trenčiansky 1.226 Skalka nad Váhom
3%
Košický 1.811 Slavošovce
3%
Prešovský 1.846 Slovenská Ves
3%
Trnavský 3.242 Smolenice
3%
Žilinský 1.127 Snežnica
3%
Trenčiansky 2.388 Soblahov
3%
Trnavský 1.402 Sokolovce
3%
Nitriansky 2.515 Solčany
3%
Bratislavský 1.653 Sološnica
3%
Košický 1.370 Somotor
3%
Trnavský 3.383 Špačince
3%
Prešovský 6.659 Spišská Belá
3%
Prešovský 2.485 Spišské Bystré
3%
Prešovský 2.761 Spišský Štiavnik
3%
Prešovský 2.350 Stakčín
3%
Žilinský 1.125 Stankovany
3%
Trnavský 1.589 Štefanov
3%
Košický 1.460 Štítnik
3%
Banskobystrický 1.162 Stožok
3%
Prešovský 2.464 Stráne pod Tatrami
3%
Košický 2.253 Streda nad Bodrogom
3%
Trenčiansky 1.084 Streženice
3%
Trnavský 1.720 Štvrtok na Ostrove
3%
Žilinský 1.479 Suchá Hora
3%
Trnavský 2.296 Suchá nad Parnou
3%
Prešovský 1.961 Šuňava
3%
Trnavský 2.225 Šúrovce
3%
Nitriansky 1.473 Svätoplukovo
3%
Nitriansky 2.708 Svätý Peter
3%
Košický 2.102 Švedlár
3%
Prešovský 2.566 Svinia
3%
Košický 1.008 Svinica
3%
Trenčiansky 1.603 Svinná
3%
Prešovský 7.686 Svit
3%
Nitriansky 2.810 Tekovské Lužany
3%
Nitriansky 1.039 Tekovské Nemce
3%
Prešovský 1.335 Terňa
3%
Banskobystrický 3.632 Tisovec
3%
Nitriansky 3.542 Tlmače
3%
Banskobystrický 1.335 Tomášovce
3%
Prešovský 2.039 Toporec
3%
Prešovský 1.639 Torysa
3%
Nitriansky 1.531 Tovarníky
3%
Nitriansky 1.035 Trávnica
3%
Trnavský 1.338 Trebatice
3%
Trenčiansky 3.540 Trenčianska Turná
3%
Trenčiansky 3.435 Trenčianske Stankovce
3%
Košický 2.140 Trhovište
3%
Nitriansky 2.775 Trnovec nad Váhom
3%
Košický 1.500 Trstené pri Hornáde
3%
Trnavský 3.857 Trstice
3%
Prešovský 1.324 Tulčík
3%
Trenčiansky 1.196 Tužina
3%
Nitriansky 5.089 Tvrdošovce
3%
Trenčiansky 2.228 Udiča
3%
Trenčiansky 1.533 Uhrovec
3%
Nitriansky 1.538 Úľany nad Žitavou
3%
Trenčiansky 1.946 Valaská Belá
3%
Žilinský 1.804 Valča
3%
Žilinský 1.696 Vavrečka
3%
Košický 4.140 Veľká Ida
3%
Prešovský 5.380 Veľká Lomnica
3%
Trnavský 2.564 Veľká Mača
3%
Trnavský 1.032 Veľká Paka
3%
Trnavský 1.588 Veľké Blahovo
3%
Nitriansky 1.470 Veľké Ludince
3%
Košický 1.515 Veľké Trakany
3%
Trenčiansky 1.998 Veľké Uherce
3%
Trnavský 4.989 Veľké Úľany
3%
Bratislavský 3.035 Veľký Biel
3%
Banskobystrický 1.128 Veľký Blh
3%
Nitriansky 1.610 Veľký Cetín
3%
Nitriansky 2.052 Veľký Lapáš
3%
Banskobystrický 1.501 Vígľaš
3%
Banskobystrický 1.759 Vinica
3%
Bratislavský 2.800 Viničné
3%
Košický 2.156 Vinné
3%
Nitriansky 2.046 Vinodol
3%
Žilinský 1.314 Vitanová
3%
Prešovský 2.018 Víťaz
3%
Trnavský 1.754 Voderady
3%
Trnavský 1.092 Vozokany
3%
Trnavský 5.597 Vrbové
3%
Prešovský 1.404 Výborná
3%
Nitriansky 2.153 Výčapy - Opatovce
3%
Bratislavský 2.224 Vysoká pri Morave
3%
Žilinský 1.194 Žabokreky
3%
Prešovský 1.204 Záborské
3%
Bratislavský 1.854 Záhorská Ves
3%
Prešovský 1.155 Záhradné
3%
Žilinský 5.687 Zákamenné
3%
Žilinský 1.692 Zákopčie
3%
Prešovský 3.381 Zámutov
3%
Trnavský 2.536 Zavar
3%
Bratislavský 2.956 Závod
3%
Prešovský 3.623 Zborov
3%
Košický 1.350 Ždaňa
3%
Prešovský 1.353 Žehňa
3%
Banskobystrický 1.177 Želovce
3%
Trenčiansky 1.724 Zemianske Kostoľany
3%
Košický 1.855 Zemplínska Teplica
3%
Nitriansky 1.825 Žitavany
3%
Bratislavský 3.706 Zohor
3%
Žilinský 2.493 Zubrohlava
3%
Banskobystrický 2.760 Zvolenská Slatina
3%
Nitriansky 1.775 Andovce
0%
Banskobystrický 2.127 Badín
0%
Bratislavský 1.833 Báhoň
0%
Trnavský 1.136 Baka
0%
Nitriansky 1.189 Bátovce
0%
Nitriansky 1.723 Beladice
0%
Žilinský 1.245 Belá - Dulice
0%
Banskobystrický 1.148 Beňuš
0%
Trnavský 2.531 Biely Kostol
0%
Nitriansky 1.411 Bíňa
0%
Banskobystrický 1.134 Biskupice
0%
Trnavský 1.003 Blatná na Ostrove
0%
Žilinský 1.996 Bobrovec
0%
Trnavský 1.532 Bohdanovce nad Trnavou
0%
Trnavský 1.431 Bojničky
0%
Trnavský 4.020 Borský Mikuláš
0%
Trnavský 1.608 Borský Svätý Jur
0%
Košický 1.211 Boťany
0%
Prešovský 1.321 Brekov
0%
Banskobystrický 1.379 Budča
0%
Banskobystrický 1.370 Bušince
0%
Trenčiansky 1.754 Bystričany
0%
Nitriansky 1.122 Čalovec
0%
Košický 2.112 Čečejovce
0%
Nitriansky 1.075 Čeľadice
0%
Trnavský 1.097 Čenkovce
0%
Trenčiansky 1.730 Čereňany
0%
Trnavský 1.092 Cerová
0%
Prešovský 1.093 Červenica
0%
Trnavský 1.686 Červeník
0%
Žilinský 1.622 Chlebnice
0%
Prešovský 1.078 Chmeľov
0%
Prešovský 1.058 Chmiňany
0%
Prešovský 1.278 Chminianska Nová Ves
0%
Nitriansky 1.392 Chotín
0%
Trenčiansky 1.418 Chrenovec - Brusno
0%
Trnavský 2.529 Chtelnica
0%
Nitriansky 1.192 Číčov
0%
Nitriansky 1.175 Čierne Kľačany
0%
Trnavský 1.627 Čierny Brod
0%
Trenčiansky 1.280 Cigeľ
0%
Trnavský 1.159 Čiližská Radvaň
0%
Trnavský 1.748 Dechtice
0%
Trenčiansky 1.137 Dežerice
0%
Nitriansky 2.380 Diakovce
0%
Žilinský 1.441 Dlhá nad Oravou
0%
Prešovský 1.358 Dlhé Klčovo
0%
Trnavský 1.363 Dojč
0%
Trnavský 2.454 Dolná Krupá
0%
Trnavský 1.790 Dolná Streda
0%
Nitriansky 1.136 Dolné Obdokovce
0%
Trnavský 2.036 Dolné Saliby
0%
Trnavský 1.916 Dolný Štál
0%
Trenčiansky 1.638 Domaniža
0%
Trnavský 2.610 Drahovce
0%
Žilinský 1.068 Dražkovce
0%
Košický 2.431 Drienovec
0%
Košický 2.804 Družstevná pri Hornáde
0%
Trenčiansky 1.023 Dubodiel
0%
Trnavský 1.088 Dubovany
0%
Nitriansky 1.620 Dulovce
0%
Žilinský 1.086 Ďurčiná
0%
Nitriansky 1.317 Farná
0%
Prešovský 1.403 Gánovce
0%
Nitriansky 2.067 Gbelce
0%
Nitriansky 1.324 Hájske
0%
Košický 1.858 Harichovce
0%
Prešovský 1.051 Hažlín
0%
Košický 1.364 Helcmanovce
0%
Banskobystrický 2.398 Heľpa
0%
Prešovský 1.704 Hermanovce
0%
Trnavský 1.030 Hlboké
0%
Banskobystrický 2.652 Hliník nad Hronom
0%
Prešovský 1.907 Hlinné
0%
Trnavský 2.155 Holice
0%
Banskobystrický 1.378 Hontianske Nemce
0%
Žilinský 1.011 Hôrky
0%
Trenčiansky 1.110 Horná Poruba
0%
Trnavský 2.206 Horná Potôň
0%
Žilinský 1.628 Horná Štubňa
0%
Nitriansky 1.459 Horné Obdokovce
0%
Trnavský 1.306 Horný Bar
0%
Prešovský 3.226 Hranovnica
0%
Košický 1.141 Hrčeľ
0%
Trnavský 2.229 Hrnčiarovce nad Parnou
0%
Banskobystrický 1.432 Hrochoť
0%
Banskobystrický 1.137 Hronec
0%
Nitriansky 1.394 Hronské Kľačany
0%
Banskobystrický 1.086 Hronský Beňadik
0%
Nitriansky 1.067 Hrušovany
0%
Prešovský 3.162 Huncovce
0%
Košický 1.012 Iliašovce
0%
Nitriansky 1.989 Imeľ
0%
Nitriansky 1.786 Iža
0%
Trnavský 1.657 Jahodná
0%
Košický 1.812 Jaklovce
0%
Prešovský 2.915 Jakubany
0%
Banskobystrický 1.140 Jasenie
0%
Prešovský 1.186 Jasenov
0%
Nitriansky 1.135 Jasová
0%
Nitriansky 2.116 Jelenec
0%
Banskobystrický 2.352 Jesenské
0%
Nitriansky 2.057 Kalná nad Hronom
0%
Trenčiansky 1.758 Kamenec pod Vtáčnikom
0%
Nitriansky 1.233 Kamenica nad Hronom
0%
Nitriansky 1.883 Kameničná
0%
Nitriansky 1.450 Kamenín
0%
Prešovský 1.860 Kamenná Poruba
0%
Žilinský 1.660 Kamenná Poruba
0%
Nitriansky 1.036 Kamenný Most
0%
Trenčiansky 3.846 Kanianka
0%
Trnavský 1.140 Kátlovce
0%
Trnavský 1.145 Kľačany
0%
Nitriansky 1.429 Klasov
0%
Žilinský 1.823 Kláštor pod Znievom
0%
Prešovský 1.177 Kojatice
0%
Košický 1.310 Kokšov - Bakša
0%
Nitriansky 1.555 Kolíňany
0%
Nitriansky 1.236 Kolta
0%
Žilinský 1.573 Komjatná
0%
Žilinský 1.679 Konská
0%
Trnavský 2.567 Kopčany
0%
Trenčiansky 1.059 Košecké Podhradie
0%
Žilinský 1.440 Košťany nad Turcom
0%
Košický 1.207 Kostoľany nad Hornádom
0%
Bratislavský 2.259 Kostolište
0%
Trnavský 1.464 Kostolné Kračany
0%
Trnavský 1.917 Košúty
0%
Nitriansky 2.089 Kozárovce
0%
Prešovský 1.271 Kračúnovce
0%
Nitriansky 1.863 Kráľová nad Váhom
0%
Trnavský 1.066 Kráľov Brod
0%
Košický 1.170 Kráľovce
0%
Trnavský 1.127 Kráľovičove Kračany
0%
Žilinský 1.660 Krasňany
0%
Prešovský 2.380 Krížová Ves
0%
Žilinský 1.062 Krpeľany
0%
Žilinský 1.105 Kunerad
0%
Prešovský 1.111 Kurima
0%
Trnavský 1.503 Kútniky
0%
Prešovský 1.061 Ladomirová
0%
Trnavský 1.103 Lakšárska Nová Ves
0%
Trenčiansky 1.785 Lazany
0%
Košický 1.897 Leles
0%
Prešovský 2.043 Lemešany
0%
Košický 2.305 Letanovce
0%
Banskobystrický 1.377 Lieskovec
0%
Žilinský 1.717 Lietavská Svinná - Babkov
0%
Žilinský 2.898 Likavka
0%
Bratislavský 2.423 Limbach
0%
Žilinský 2.728 Liptovská Lúžna
0%
Žilinský 1.573 Liptovská Osada
0%
Žilinský 2.010 Lisková
0%
Banskobystrický 1.907 Lovinobaňa
0%
Žilinský 1.192 Ľubeľa
0%
Prešovský 4.475 Ľubica
0%
Banskobystrický 1.278 Ľubietová
0%
Prešovský 3.974 Ľubotice
0%
Nitriansky 1.164 Lukáčovce
0%
Banskobystrický 1.377 Lutila
0%
Nitriansky 3.338 Lužianky
0%
Nitriansky 1.090 Machulince
0%
Banskobystrický 1.133 Malachov
0%
Trnavský 1.187 Malé Dvorníky
0%
Trenčiansky 1.026 Malinová
0%
Prešovský 1.246 Malý Slavkov
0%
Prešovský 1.100 Malý Slivník
0%
Banskobystrický 1.395 Medzibrod
0%
Banskobystrický 1.234 Michalová
0%
Trenčiansky 1.050 Mikušovce
0%
Prešovský 1.431 Mirkovce
0%
Nitriansky 1.149 Moča
0%
Nitriansky 1.282 Modrany
0%
Košický 1.025 Moravany
0%
Trnavský 2.485 Moravany nad Váhom
0%
Trnavský 2.135 Moravský Svätý Ján
0%
Žilinský 1.351 Mošovce
0%
Trnavský 1.566 Mostová
0%
Banskobystrický 1.122 Mýtna
0%
Nitriansky 1.003 Mýtne Ludany
0%
Nitriansky 1.198 Nána
0%
Trenčiansky 2.062 Nedožery - Brezany
0%
Banskobystrický 1.161 Nemce
0%
Banskobystrický 1.694 Nemecká
0%
Nitriansky 1.250 Nitrianska Blatnica
0%
Nitriansky 2.393 Nitrianske Hrnčiarovce
0%
Trenčiansky 1.899 Nitrianske Rudno
0%
Trenčiansky 1.166 Nitrica
0%
Prešovský 1.594 Nižný Hrabovec
0%
Prešovský 1.500 Nižný Hrušov
0%
Nitriansky 1.452 Nová Dedina
0%
Nitriansky 1.391 Nová Ves nad Žitavou
0%
Nitriansky 1.317 Nové Sady
0%
Košický 1.019 Novosad
0%
Trnavský 2.295 Nový Život
0%
Žilinský 1.933 Ochodnica
0%
Banskobystrický 2.462 Očová
0%
Košický 1.016 Odorín
0%
Trnavský 1.356 Ohrady
0%
Trnavský 3.672 Okoč
0%
Košický 1.018 Olcnava
0%
Žilinský 1.900 Olešná
0%
Trenčiansky 1.836 Omšenie
0%
Trenčiansky 1.547 Opatovce nad Nitrou
0%
Trenčiansky 2.390 Oslany
0%
Prešovský 2.462 Ostrovany
0%
Košický 1.971 Parchovany
0%
Žilinský 1.320 Partizánska Ľupča
0%
Košický 1.107 Petrovce nad Laborcom
0%
Košický 1.003 Ploské
0%
Žilinský 1.060 Podhorie
0%
Žilinský 1.063 Podtureň
0%
Banskobystrický 2.093 Pohorelá
0%
Nitriansky 1.094 Pohranice
0%
Banskobystrický 1.689 Pohronská Polhora
0%
Nitriansky 1.185 Pohronský Ruskov
0%
Banskobystrický 2.864 Polomka
0%
Banskobystrický 1.540 Poniky
0%
Košický 1.009 Poráč
0%
Žilinský 1.146 Povina
0%
Košický 1.312 Pozdišovce
0%
Košický 3.189 Prakovce
0%
Trenčiansky 1.295 Pravenec
0%
Trenčiansky 1.555 Prečín
0%
Banskobystrický 1.291 Predajná
0%
Nitriansky 1.524 Preseľany
0%
Žilinský 1.093 Príbovce
0%
Banskobystrický 1.043 Priechod
0%
Trenčiansky 2.093 Pružina
0%
Nitriansky 1.765 Pukanec
0%
Trnavský 1.844 Pusté Úľany
0%
Banskobystrický 1.034 Radnovce
0%
Žilinský 1.543 Radoľa
0%
Nitriansky 1.862 Radošina
0%
Trnavský 1.737 Radošovce
0%
Banskobystrický 1.548 Radzovce
0%
Košický 1.009 Rakovec nad Ondavou
0%
Prešovský 3.415 Rakúsy
0%
Trnavský 1.082 Ratnovce
0%
Prešovský 1.660 Ražňany
0%
Nitriansky 2.121 Rišňovce
0%
Prešovský 1.073 Rokycany
0%
Prešovský 1.323 Rožkovany
0%
Žilinský 1.034 Rudinská
0%
Prešovský 1.390 Ruská Nová Ves
0%
Trnavský 1.746 Ružindol
0%
Trenčiansky 1.517 Rybany
0%
Trnavský 1.095 Šajdíkove Humence
0%
Prešovský 1.017 Šarišské Bohdanovce
0%
Prešovský 1.237 Šarišské Dravce
0%
Prešovský 2.700 Šarišské Michaľany
0%
Nitriansky 1.609 Šarovce
0%
Trenčiansky 1.688 Sebedražie
0%
Prešovský 2.644 Sečovská Polianka
0%
Trnavský 1.732 Sekule
0%
Banskobystrický 2.117 Selce
0%
Nitriansky 2.853 Selice
0%
Nitriansky 1.318 Semerovo
0%
Košický 1.012 Šemša
0%
Banskobystrický 1.429 Šíd
0%
Banskobystrický 1.415 Sielnica
0%
Trnavský 1.717 Šintava
0%
Trenčiansky 1.319 Skačany
0%
Žilinský 5.261 Skalité
0%
Košický 1.148 Skároš
0%
Nitriansky 1.688 Sľažany
0%
Banskobystrický 3.261 Slovenská Ľupča
0%
Košický 8.828 Smižany
0%
Trnavský 1.476 Sobotište
0%
Košický 1.357 Sokoľany
0%
Nitriansky 1.197 Sokolce
0%
Trnavský 4.079 Šoporňa
0%
Prešovský 2.273 Spišská Teplica
0%
Košický 2.208 Spišské Tomášovce
0%
Prešovský 1.902 Spišský Hrhov
0%
Košický 1.332 Spišský Hrušov
0%
Banskobystrický 1.118 Stará Kremnička
0%
Nitriansky 1.548 Starý Tekov
0%
Nitriansky 1.234 Štitáre
0%
Košický 4.191 Strážske
0%
Nitriansky 1.891 Strekov
0%
Bratislavský 1.751 Studienka
0%
Žilinský 1.002 Súľov - Hradná
0%
Banskobystrický 1.310 Šumiac
0%
Prešovský 1.643 Švábovce
0%
Trenčiansky 1.376 Sverepec
0%
Nitriansky 2.370 Svodín
0%
Žilinský 3.339 Svrčinovec
0%
Banskobystrický 1.199 Tekovská Breznica
0%
Prešovský 1.204 Teriakovce
0%
Nitriansky 1.796 Tesárske Mlyňany
0%
Nitriansky 3.656 Tešedíkovo
0%
Trnavský 1.796 Tomášikovo
0%
Trnavský 3.132 Topoľníky
0%
Trnavský 1.545 Trakovice
0%
Trenčiansky 1.382 Trenčianske Jastrabie
0%
Trnavský 2.181 Trhová Hradská
0%
Banskobystrický 1.256 Trnavá Hora
0%
Žilinský 1.049 Turčianske Kľačany
0%
Košický 1.090 Úbrež
0%
Prešovský 1.241 Udavské
0%
Trnavský 1.180 Unín
0%
Nitriansky 1.401 Urmince
0%
Trnavský 2.024 Váhovce
0%
Prešovský 1.569 Varhaňovce
0%
Žilinský 2.361 Važec
0%
Prešovský 2.982 Vechec
0%
Banskobystrický 1.018 Veľká Lehota
0%
Trnavský 1.383 Veľké Dvorníky
0%
Trnavský 2.808 Veľké Kostoľany
0%
Nitriansky 1.737 Veľké Lovce
0%
Trnavský 1.029 Veľké Orvište
0%
Nitriansky 2.079 Veľké Ripňany
0%
Nitriansky 4.315 Veľké Zálužie
0%
Nitriansky 1.332 Veľký Ďur
0%
Trnavský 1.459 Veľký Grob
0%
Prešovský 1.524 Veľký Slavkov
0%
Banskobystrický 1.702 Vidiná
0%
Prešovský 1.848 Vikartovce
0%
Trnavský 1.669 Vinohrady nad Váhom
0%
Bratislavský 1.624 Vinosady
0%
Nitriansky 3.139 Vlčany
0%
Trnavský 1.367 Vlčkovce
0%
Banskobystrický 1.276 Vlkanová
0%
Košický 2.264 Vojčice
0%
Nitriansky 1.001 Volkovce
0%
Košický 1.281 Vrbnica
0%
Košický 1.279 Vtáčkovce
0%
Trnavský 1.886 Vydrany
0%
Prešovský 1.320 Vydrník
0%
Prešovský 1.351 Vyšná Šebastová
0%
Prešovský 1.151 Vyšný Žipov
0%
Trenčiansky 1.703 Žabokreky nad Nitrou
0%
Košický 1.164 Zalužice
0%
Banskobystrický 2.103 Závadka nad Hronom
0%
Žilinský 1.290 Závažná Poruba
0%
Nitriansky 2.238 Zbehy
0%
Žilinský 2.142 Zborov nad Bystricou
0%
Košický 2.736 Žehra
0%
Trnavský 2.604 Zeleneč
0%
Nitriansky 1.234 Žemberovce
0%
Nitriansky 2.257 Zemianska Olča
0%
Nitriansky 2.116 Zemné
0%
Košický 1.027 Zemplínska Široká
0%
Prešovský 1.279 Zemplínske Hámre
0%
Košický 1.099 Zemplínske Hradište
0%
Nitriansky 1.842 Žihárec
0%
Nitriansky 1.352 Žirany
0%
Trnavský 3.570 Zlaté Klasy
0%
Nitriansky 2.418 Zlatná na Ostrove
0%
Prešovský 2.079 Župčany
0%
Trnavský 1.028 Zvončín
0%
No matching quizzes found
Score Distribution
Percent of People with Each Score
Percentile by Number Answered
Your Score History
You have not taken this quiz